000 00597nam a2200145Ia 4500
008 100204s9999 xx 000 0 und d
082 _b12784
100 _aगोखले वि. ना.
245 _aअखिल जगात आम्हीच श्रेष्ठ
260 _b"अनाथ विद्यार्थी गृह प्रकाशन, पुणे"
_c1964
300 _a152
630 _aअखिल जगात आम्हीच श्रेष्ठ
730 _aअखिल जगात आम्हीच श्रेष्ठ
942 _cBOOK
999 _c457216
_d457213